Pretty Girl - Clairo - Statistics

General Stats
  • This quiz has been taken 42 times
  • The average score is 133 of 171
Answer Stats
Hint Answer % Correct
a
97%
I
97%
girl
94%
pretty
94%
you
91%
be
88%
to
88%
in
85%
skirt
85%
want
85%
when
85%
could
82%
for
82%
shut
82%
up
82%
wear
82%
me
79%
my
79%
I'll
76%
i'll
76%
Chorus And
71%
and
71%
dancing
71%
getting
71%
harder
71%
it
71%
it's
71%
understand
71%
make
68%
of
68%
Verse 1 Polaroid
68%
room
68%
about
65%
blue
65%
how
65%
remember
65%
think
65%
was
65%
lose
62%
myself
62%
your
62%
hands
59%
never
59%
by
56%
so
56%
blinded
53%
felt
53%
fool
53%
negativity
53%
noon
53%
now
53%
such
53%
that
53%
the
53%
cry
50%
all
47%
'bout
47%
don't
44%
just
44%
need
44%
ever
38%
thinking
38%
better
35%
won't
35%
alone
32%
but
29%
i'm
26%
No matching quizzes found
Score Distribution
Percent of People with Each Score
Percentile by Number Answered
Your Score History
You have not taken this quiz